Normal view
MARC view
- Bonals Picas, Joan,
Entry Nombre Personal
001 - NUMERO DE CONTROL
- campo de control: 35370
003 - IDENTIFICADOR DE NUMERO DE CONTROL
- campo de control: UPN
005 - FECHA Y HORA DE LA ÜLTIMA TRANSACCIÓN
- campo de control: 20210219194502.0
008 - DATOS DE LONGITUD FIJA
- campo de control de longitud fija: nabaccnnaabn|||||||||| b |nc|||||d
035 ## - NUMERO DE CONTROL
- Número de control: UPN11000007477
040 ## - FUENTE DE CATALOGACIÓN
- Lenguaje de catalogación: SPA
- Agencia de transcripción: UPN
100 1# - ENCABEZAMIENTO - NOMBRE PERSONAL
- Nombre personal: Bonals Picas, Joan,
- Fechas asociadas con el nombre: 1954-
400 1# - VEÁSE - NOMBRE DE PERSONA
- Personal name: Bonals, Joan,
- Dates associated with a name: 1954-
670 ## - FUENTE EN LA QUE SE LOCALIZARON DATOS
- Cita de la fuente: T
- Uniform Resource Identifier: http://dialnet.unirioja.es/servlet/autor?codigo=162939
680 ## - NOTA PUBLICA DE ACCESO PÚBLICO
- Frase explicativa de la referencia: Pedagoga española
902 ## - CATALOGADOR
- Catalogador: CAA/160614
